Mistrzowie Polski w Żużlu 2007-2024 - Statystyki

Ogólne statystyki
  • Ten quiz został rozwiązany 90 razy
  • Średni wynik to 6 z 7
Statystyki odpowiedzi
Wskazówka Odpowiedź % Poprawnych
2007, 2010, 2015, 2018, 2017, 2018, 2019, 2020 Unia Leszno
97%
2022, 2023, 2024 Motor Lublin
96%
2021 Sparta Wrocław
91%
2014, 2016 Stal Gorzów
91%
2009, 2011, 2013 Falubaz Zielona Góra
87%
2012 Unia Tarnów
81%
2008 KS Apator Toruń
13%
Nie znaleziono quizów pasujących do podanych kryteriów
Rozkład punktacji
Procent ludzi z każdym wynikiem
Percentyl według liczby udzielonych odpowiedzi
Twoja historia wyników
Nie rozwiązałeś tego quizu